Indian agriculture: Problems progress and prospects (Record no. 37399)

MARC details
000 -LEADER
fixed length control field 00369nam a2200133Ia 4500
082 ## - DEWEY DECIMAL CLASSIFICATION NUMBER
Classification number 338.43.01(540)
Item number AGR;1
100 ## - MAIN ENTRY--AUTHOR NAME
Personal name AGRAWAL, A N
245 #0 - TITLE STATEMENT
Title Indian agriculture: Problems progress and prospects
260 ## - PUBLICATION, DISTRIBUTION, ETC. (IMPRINT)
Place of publication New Delhi
Name of publisher Vikas
Year of publication 1980
650 ## - SUBJECT ADDED ENTRY--TOPICAL TERM
Topical Term Agricultural development
650 ## - SUBJECT ADDED ENTRY--TOPICAL TERM
Topical Term Irrigation
942 ## - ADDED ENTRY ELEMENTS (KOHA)
Koha item type Books
Holdings
Withdrawn status Lost status Damaged status Not for loan Home library Current library Date acquired Full call number Accession Number Koha item type
        RRII Library RRII Library 16/12/2021 338.43.01(540) AGR;1 17784 Books